Представление документа в формате MARC21

Поле Инд. ПП Название Значение
Тип записи a
Библиографический уровень a
001 Контрольный номер bd763ca2a74c4ec2861dc245021355e9
005 Дата корректировки 20171010143556.5
020 a ISBN 978-5-903728-35-0
040 a Служба первич. каталог. НБ ТвГУ
b Код языка каталог. rus
e Правила каталог. PSBO
041 0_ a Код языка текста rus
097 b Оператор novikova
098 b Факультет Филологический
c Кафедра Истории русской литературы
100 1_ a Автор Строганов Михаил Викторович
q Полное имя Строганов М. В.
245 10 a Заглавие Памятник учителю
260 a Место издания Тверь
b Издательство Марина Батасова
504 a Библиография Библиогр. в подстроч. примеч.
520 0_ a Аннотация Почитание учителя - это международная традиция. С 1994 г. по решению ЮНЕСКО День учителя стал международным и отмечается 5 октября каждого года. Автор описывает ситуацию с памятниками учителя в России.
653 0_ a Ключевые слова Учитель
a Ключевые слова День учителя
a Ключевые слова Труды Тверского государственного университета
a Ключевые слова 5 октября
a Ключевые слова Памятник учителю
773 18 w Контрольный № источника RU/IS/BASE/348763646
t Название источника Учитель и общество
d Место и дата издания Тверь : Марина Батасова, 2010
g Прочая информация С. 65-94
901 t Тип документа a
920 a Оператор Нови